La Gestión tributaria en la hacienda local
ISBN:
84-404-9501-3
Descripción Física:
366 p. ; 21 cm
Colección:
Temas de la administración local ; 40
Materias:
Finances locals -- Espanya -- Congressos
MARC
| LEADER | 00000nam a2200000Ia 4500 | ||
|---|---|---|---|
| 001 | 18437 | ||
| 003 | BGR | ||
| 005 | 20260324175234.0 | ||
| 008 | 160829s1991 xx 000 0 cat d | ||
| 020 | |a 84-404-9501-3 | ||
| 080 | |a M-5-323 | ||
| 111 | |a Jornadas de Estudios de Haciendas Locales |9 71226 |c (Benalmádena : |d 1990) | ||
| 245 | |a La Gestión tributaria en la hacienda local | ||
| 260 | |a Granada : |b Centro de Estudios Municipales y de Cooperación Interprovincial, |c 1991 | ||
| 300 | |a 366 p. ; |c 21 cm | ||
| 490 | |a Temas de la administración local ; 40 | ||
| 590 | |a Conferències pronunciades en les III Jornadas de estudios de haciendas locales, celebrades a Benalmàdena (Màlaga) del 17 al 19 de maig de 1990 | ||
| 650 | 0 | |a Finances locals |x Espanya |x Congressos |9 23554 | |
| 700 | |a Centro de Estudios Municipales y de Cooperación Interprovincial |9 22688 | ||
| 901 | |a Arxiu | ||
| 942 | |n 1 |2 udc |c JC | ||
| 952 | |0 0 |1 0 |4 0 |6 M5323 |7 1 |9 42295 |a Arxiu |b Arxiu |d 2016-12-01 |l 0 |o M-5-323 |p 18437 |r 2016-12-01 00:00:00 |w 2016-12-01 |y ARXIU | ||
| 999 | |c 44773 |d 44773 | ||